000 00741cam a22002174a 4500
005 20250605164250.0
008 250528s ||||||||||||||||||||||||d
035 _a21719
020 _a9789609207409
040 _aGR-AtMCL
_bgre
_dGR-AtMCL
_eAACR2
245 1 _aΕΙΣΑΓΩΓΗ ΣΤΗΝ ΟΡΘΟΠΑΙΔΙΚΗ
250 _a1
260 _bΒητα Ιατρικες Εκδόσεις,
_c2012
300 _a405
505 0 _aΟΡΘΟΠΕΔΙΚΗ ΝΟΣΟΙ ΟΣΤΩΝ ΜΕΤΑΒΟΛΙΚΟΙ ΝΟΣΟΙ ΚΑΚΩΣΕΙΣ
520 _aΟΡΘΟΠΕΔΙΚΗ ΝΟΣΟΙ ΟΣΤΩΝ ΜΕΤΑΒΟΛΙΚΟΙ ΝΟΣΟΙ ΚΑΚΩΣΕΙΣ
700 1 _aΚαμμας Αντωνης
_97649
942 _cBK
999 _c6778
_d6778